| 000 | 00667nam a2200217 a 4500 | ||
|---|---|---|---|
| 001 | BRCA_8301 | ||
| 005 | 20190320210222.0 | ||
| 008 | 180614s1950----fr-a###f##---#000-0#fre-# | ||
| 041 | _afre | ||
| 044 | _afr | ||
| 050 | 4 |
_aGT150 _b.D3 1950 |
|
| 100 | 1 |
_aDaninos, Pierre _99342 |
|
| 245 | 1 | 0 |
_aSavior vivre international _bcode de la susceptibilité et des bons usages à traves le monde _cPierre Daninos et Doré Ogrizek |
| 260 |
_aParis _bOde le Monde en Coleurs _c1950 |
||
| 300 |
_a510 p. _bil. _c17 cm. |
||
| 500 | _aS119 | ||
| 650 | 1 | 4 |
_aUsos y costumbres _vManuales y guías _920726 |
| 700 | 1 |
_aOgrizek, Doré _ecoaut. _920502 |
|
| 902 | _aGFM | ||
| 942 |
_2lcc _cB |
||
| 999 |
_c7969 _d7969 |
||